Statistics for Save Your Tears - The Weeknd Lyrics

Click here to take the quiz!

General Stats

  • This quiz has been taken 795 times
  • The average score is 202 of 241

Answer Stats

HintAnswer% Correct
a
99%
A
99%
You
99%
you
99%
you.
99%
I
98%
your
98%
save
96%
Save
96%
tears
96%
for
95%
another
94%
another,
94%
2xday
93%
day,
93%
when
93%
me
92%
me,
92%
So,
92%
so
92%
away
91%
don't
91%
in
90%
know
90%
not
90%
run
90%
saw
90%
why
90%
cry
88%
I'm
88%
look
88%
dancing
87%
room,
87%
with
87%
happy
86%
make
86%
eye
85%
to
85%
then
84%
crowded
83%
from
83%
But
82%
single
82%
by
81%
surprise,
80%
that
77%
And
76%
caught
76%
did
76%
heart
76%
I'll
76%
teardrop
76%
broke
75%
falling
74%
like
74%
Yeah,
74%
Yeah
74%
yeah
74%
could
73%
told
71%
some
70%
fell
69%
have
69%
stay
69%
apart
68%
didn't
67%
Oh
67%
asked
66%
care
65%
someone
65%
Take
65%
take
65%
there
65%
wanna
65%
'cause
64%
back
63%
love
63%
time
63%
wasn't
62%
just
61%
second
61%
pretend
60%
said
60%
say
60%
should
60%
mine
59%
now
59%
never
57%
made
56%
could've
55%
too
55%
always
54%
girl,
54%
girl
54%
Girl,
54%
won't
54%
would
54%
better
53%
think
53%
deserve
52%
things
52%
realize
51%
late
50%
much
50%
walked
49%
past
48%
ooh
41%

Score Distribution

Percentile by Number Answered

Percent of People with Each Score

Your Score History

You have not taken this quiz